000 01205cam a2200253 i 4500
001 BRCA_9173
003 FranzMayer
005 20220809131701.0
008 220809b |||||||| |||| 00| 0 eng d
020 _a9780806168623
_q(pasta dura)
040 _bspa
_cMFM
050 0 0 _aF1407
_b.C225 2021
245 0 0 _aCacicas :
_bthe indigenous women leaders of Spanish America, 1492-1825 /
_ceditado por Margarita R. Ochoa y Sara Vicuña Guengerich.
264 1 _aNorman :
_bUniversity of Oklahoma Press,
_c[2021]
300 _aix, 333 p. :
_bilustraciones, mapas ;
_c24 cm
500 _aUbicación: L59-N5
504 _aIncluye referencias bibliográficas (páginas 291-321) e índice.
520 _a"Este volumen muestra a las cacicas coloniales como sujetos históricos que construyeron su conciencia en torno a su lugar, ya sea simbólico o geográfico, y articularon sus propias identidades únicas".
_cProporcionado por el editor.
650 0 _aMinoría de Mujeres
_zAmérica Latina
_vBiografía
_928362
651 0 _aAmérica Latina
_xHistoria
_yHasta 1830
_vBiografía
_928363
700 1 _aOchoa, Margarita R.,
_eeditor.
_928364
700 1 _aGuengerich, Sara V.,
_d1975-
_eeditor.
_928365
942 _2lcc
_cB
999 _c10792
_d10792